00000000nam##2200000za#4500
0019.666965
003CaOODSP
00520210615123215
007ta
008150407|2005||||xxc|||||     f|0| 0 eng|d
040 |aCaOODSP|beng
041 |aeng
041 |afre
043 |an-cn---
0861 |aSW21-131/2005
1101 |aCanada. |bStatus of Women Canada.
24510|aWomen and war : |bcontributions and consequences
260 |aOttawa - Ontario : |bStatus of Women Canada |c[2005].
300 |aEnglish text, [14]p. ; |c12 cm.
500 |a"Women's history month, October 2005".
563 |aPamphlet
590 |a05-42|b2005-10-21
69007|aStatus of women|2gcpds
69007|aWar|2gcpds
7760#|tLes femmes et la guerre : |w(CaOODSP)9.632300
7760#|tWomen and war : |w(CaOODSP)9.687860
792 |tLes femmes et la guerre : |efre|w(CaOODSP)9.666966